000 00760nam a2200241 i 4500
003 DO-SdBNP
005 20230614104309.0
007 ta
008 230614b2020 dr abc|| |||| 00| 0 spa d
020 _a9789945598216
040 _aDO-SdBNP
_bspa
_cBNPHU
082 4 _222
245 0 0 _aHistoria de la aviación civil en la República Dominicana, 1962-2019
264 _aSanto Domingo :
_bIDAC,
_c2020.
300 _a405 páginas :
_bilustraciones, mapas, retratos ;
_c20 cm.
336 _2rdacontent
_atexto
_btxt
337 _2rdamedia
_asin mediación
_bn
338 _2rdacarrier
_avolumen
_bnc
500 _aIncluye referencias bibliográficas y notas al pie de las páginas
590 _aInventariado, 2023/BT
910 _aBtavárez
942 _2ddc
_cLBS1
999 _c53821
_d53821